[Event "Independence Cup A"]
[Site "Kiev UKR"]
[Date "2005.08.12"]
[Round "10"]
[White "Grinev,V"]
[Black "Sergienko,N"]
[Result "1-0"]
[WhiteElo "2241"]
[BlackElo "2166"]

1.Nf3 Nf6 2.c4 g6 3.Nc3 Bg7 4.e4 d6 5.d4 O-O 6.Be2 Nbd7 7.O-O e5 8.Re1 Re8
9.Bf1 h6 10.Qc2 c6 11.d5 c5 12.a3 g5 13.b4 b6 14.Rb1 Nf8 15.Nd2 Re7 16.Nb3 Ba6
17.Nb5 Bxb5 18.cxb5 cxb4 19.axb4 Rc7 20.Qd1 Rac8 21.Bd3 Ng6 22.g3 Qd7 23.Bd2 g4
24.Qe2 Nh7 25.h4 Nf6 26.Kg2 Nh5 27.Rh1 Rc3 28.Kh2 R3c7 29.Qd1 Nf6 30.Kg2 h5
31.Rf1 Nxe4 32.Bxe4 f5 33.Bd3 e4 34.Be2 Qe7 35.Bg5 Qf7 36.Nd4 Be5 37.Ne6 Rc2
38.Nd8 Qg7 39.Nc6 Rc3 40.Qd2 Rf3 41.Bxf3 gxf3+ 42.Kh2 Bc3 43.Qc2 Re8 44.Rg1 Be5
45.Rb3 Kh7 46.Ra3 a5 47.bxa5 Nxh4 48.Bxh4 Qg4 49.Nxe5 dxe5 50.Qc7+ Kg8 51.axb6  1-0

[Event "14th Open"]
[Site "Kavala GRE"]
[Date "2005.08.13"]
[Round "2"]
[White "Halkias,S"]
[Black "Sountoulidis,D"]
[Result "1-0"]
[WhiteElo "2548"]
[BlackElo "2146"]

1.d4 Nf6 2.c4 g6 3.Nc3 Bg7 4.e4 O-O 5.Nf3 d6 6.Be2 e5 7.Be3 Nc6 8.d5 Ne7
9.Nd2 c5 10.g4 Ne8 11.Rg1 Bd7 12.a3 Kh8 13.Qc2 Rb8 14.g5 a6 15.b4 b6 16.h4 f5
17.f3 Nc7 18.Rb1 Ng8 19.Bd3 Qe7 20.Ke2 b5 21.bxc5 dxc5 22.Nb3 bxc4 23.Bxc4 fxe4
24.fxe4 Nb5 25.Bxb5 Rxb5 26.a4 c4 27.axb5 cxb3 28.Qxb3 axb5 29.Qb4 Qe8 30.Rbf1 h5
31.Rxf8 Bxf8 32.Bc5 Ne7 33.Rf1 Kg8 34.Kd2 Qd8 35.Rf6 Kg7 36.Qa3 Bg4 37.Qa6 Kh8
38.Rxf8+ Qxf8 39.Qf6+  1-0

[Event "15th ch-SLO w"]
[Site "Ptuj SLO"]
[Date "2005.08.13"]
[Round "3"]
[White "Vospernik,M"]
[Black "Ursic,M"]
[Result "1-0"]
[WhiteElo "2071"]
[BlackElo "2036"]

1.Nf3 Nf6 2.d4 g6 3.c4 Bg7 4.Nc3 O-O 5.e4 d6 6.Be2 e5 7.Bg5 h6 8.Bh4 g5 9.Bg3 g4
10.Nh4 exd4 11.Qxd4 Re8 12.Qd3 Nbd7 13.f3 Nc5 14.Qc2 Nh5 15.O-O-O Nxg3 16.hxg3 Be6
17.Nd5 c6 18.Ne3 b5 19.Nef5 Qa5 20.Nxg7 Kxg7 21.Kb1 Red8 22.Qc1 Rh8 23.Rxd6 Rab8
24.Nf5+ Bxf5 25.exf5 f6 26.cxb5  1-0

[Event "HZ Open"]
[Site "Vlissingen NED"]
[Date "2005.08.13"]
[Round "8"]
[White "Cornelisse,J"]
[Black "Hekhuis,J"]
[Result "1/2-1/2"]
[WhiteElo "2204"]
[BlackElo "2140"]

1.d4 Nf6 2.Nf3 g6 3.c4 d6 4.Nc3 Nbd7 5.e4 e5 6.Be2 Bg7 7.O-O O-O 8.Qc2 exd4
9.Nxd4 Re8 10.Rd1 Nc5 11.f3 Bd7 12.Be3 Ne6 13.Nxe6 Rxe6 14.c5 dxc5 15.Bxc5 Bf8
16.Bd4 Bd6 17.Bc4 Re8 18.Qb3 Qe7 19.e5 Bxe5 20.Bxe5 Qxe5 21.Bxf7+ Kg7 22.Bxe8 Rxe8
23.Ne4 Bc6 24.Nxf6 Kxf6 25.Re1 Qxe1+ 26.Rxe1 Rxe1+ 27.Kf2 Re6 28.Qc3+ Kf7
29.Qh8 h5 30.Qh7+ Kf6 31.Qxc7 a6 32.h4 Re5 33.g4 hxg4 34.fxg4 Re4 35.Qd8+ Kf7
36.Qg5 Rb4 37.b3 Rb5 38.Qh6 Be8 39.h5 gxh5 40.gxh5 Kg8 41.a4 Rxh5 42.Qe6+ Kf8
43.Ke3 Rh7 44.Kd4 Rd7+ 45.Kc3 Rc7+ 46.Kb4 Bc6 47.Ka5 Re7 48.Qd6 Ke8 49.b4 Rd7
50.Qe6+ Kd8 51.Qf6+ Ke8 52.Qg6+ Kd8 53.Qc2 Kc7 54.Qh2+ Kc8 55.Kb6 Bxa4 56.Qh8+ Rd8
57.Qe5 Kd7 58.Qc7+ Ke8 59.Qxb7 Bb5 60.Kc5 Rd7 61.Qb8+ Ke7 62.Qe5+ Kd8 63.Kb6 Rd3
64.Kb7 Rd7+ 65.Kb6 Rd3  1/2-1/2

[Event "TCh-ESP Premier North"]
[Site "Barcelona ESP"]
[Date "2005.08.14"]
[Round "6"]
[White "Rise Font,J"]
[Black "Pena,Alf"]
[Result "1-0"]
[WhiteElo "2084"]
[BlackElo "2247"]

1.d4 Nf6 2.Nf3 g6 3.c4 Bg7 4.Nc3 O-O 5.e4 d6 6.Be2 e5 7.d5 Nbd7 8.O-O Ne8
9.Ne1 f5 10.f3 f4 11.Nd3 h5 12.b4 g5 13.Nf2 Ndf6 14.Bb2 Rf7 15.Kh1 Bf8 16.Rg1 Rg7
17.g4 fxg3 18.Rxg3 a5 19.a3 axb4 20.axb4 Rxa1 21.Bxa1 h4 22.Rg1 Nh5 23.Ng4 Nf4
24.Bf1 Nf6 25.Ne2 Bxg4 26.Nxf4 Nxe4 27.Qe2 gxf4 28.Qxe4 Bd7 29.Rxg7+ Bxg7
30.Bd3 Qg5 31.Qg6 Qxg6 32.Bxg6 Bf6 33.Bc3 Kg7 34.Be4 Kh6 35.Be1 Kg5 36.Kg1 h3
37.Kf1 Bf5 38.Bxf5 Kxf5 39.Ke2 e4 40.Bf2 Ke5 41.fxe4 Kxe4 42.Be1 f3+ 43.Kd2 Be5  1-0

[Event "14th Open"]
[Site "Kavala GRE"]
[Date "2005.08.14"]
[Round "4"]
[White "Atalik,S"]
[Black "Sitnikov,A"]
[Result "1-0"]
[WhiteElo "2561"]
[BlackElo "2429"]

1.d4 Nf6 2.c4 d6 3.Nc3 Nbd7 4.e4 e5 5.Nf3 g6 6.Be2 Bg7 7.O-O O-O 8.Qc2 c6
9.d5 h6 10.dxc6 bxc6 11.Rd1 Qe7 12.b4 Rd8 13.Ba3 Nf8 14.c5 d5 15.Bb2 d4 16.Na4 Nh5
17.g3 Kh8 18.Re1 Nh7 19.Rad1 N7f6 20.Bc1 Ng4 21.Nb2 f5 22.Nh4 Qf7 23.exf5 Bxf5
24.Nxf5 gxf5 25.Bxg4 fxg4 26.Nc4 Rd5 27.Nd6 Qe6 28.Bb2 Qf6 29.b5 Rf8 30.Ne4 Qg6
31.Qc4 Rd7 32.Nd6 cxb5 33.Qxb5 Rc7 34.Ba3 Kh7 35.Qa5 Rc6 36.Qb5 Rc7 37.Bb4 Rf3
38.Ba5 a6 39.Qb6 Re7 40.Rxd4 exd4 41.Rxe7 Qf6 42.Qb1+ d3 43.Qe1 Qg6 44.Ne8 Kg8
45.Nxg7 Nxg7 46.Bc3 Rf7 47.Qe5 Rxe7 48.Qxe7 Ne6 49.Qd7 d2 50.Qxd2 Qb1+ 51.Qe1 Qxe1+
52.Bxe1 Nxc5 53.Kf1 Ne4 54.Ke2 Ng5 55.Bd2 Nf3 56.Bxh6 Nxh2 57.Kd3 Kf7 58.Kc4 Kg6
59.Be3 Kf5 60.Kd5 Nf3 61.a4 Ne1 62.a5 Nd3 63.Kd4 Ne5 64.Kc5 Ke4 65.Kb6 Kd5
66.Kxa6 Kc6 67.Ka7 Kb5 68.a6 Nc6+ 69.Kb7 Na5+ 70.Kc7  1-0

[Event "HZ Open"]
[Site "Vlissingen NED"]
[Date "2005.08.14"]
[Round "9"]
[White "Oud,N"]
[Black "Cornelisse,J"]
[Result "0-1"]
[WhiteElo "2096"]
[BlackElo "2204"]

1.d4 Nf6 2.c4 g6 3.Nc3 Bg7 4.e4 d6 5.Nf3 O-O 6.Be2 e5 7.dxe5 dxe5 8.Qxd8 Rxd8
9.Bg5 Re8 10.O-O-O Na6 11.Ne1 Nc5 12.f3 Ne6 13.Be3 c6 14.Nc2 Bf8 15.Rhe1 h5
16.Bf1 Nc5 17.b4 Na6 18.a3 Be6 19.Kb2 Nd7 20.Bf2 Nc7 21.Na4 b5 22.cxb5 Nxb5
23.Bxb5 cxb5 24.Nc3 Reb8 25.Nd5 Rb7 26.Nce3 a5 27.Nc2 f5 28.Rd3 Kf7 29.Red1 Bg7
30.Rc3 Bxd5 31.Rxd5 Nf6 32.Rdc5 fxe4 33.Rc7+ Rxc7 34.Rxc7+ Kg8 35.bxa5 exf3
36.gxf3 e4 37.fxe4 Ne8+  0-1

[Event "Independence Cup A"]
[Site "Kiev UKR"]
[Date "2005.08.15"]
[Round "4"]
[White "Kruppa,Y"]
[Black "Pavlov,S2"]
[Result "1-0"]
[WhiteElo "2525"]
[BlackElo "2459"]

1.d4 Nf6 2.c4 g6 3.Nc3 Bg7 4.e4 d6 5.Nf3 O-O 6.Be2 e5 7.Be3 Ng4 8.Bg5 f6
9.Bc1 exd4 10.Nxd4 f5 11.O-O fxe4 12.Bxg4 Bxg4 13.Qxg4 Bxd4 14.Nd5 Qd7 15.Qxd7 Nxd7
16.Bh6 Rf7 17.Nxc7 Rc8 18.Nb5 Bxb2 19.Rad1 Be5 20.Nxd6 Bxd6 21.Rxd6 Rxc4
22.Re6 Nf6 23.Rd1 Rc8 24.h3 Re8 25.Rdd6 Rxe6 26.Rxe6 g5 27.g4 Kh8 28.Bxg5 Kg7
29.Kg2 h5 30.Kg3 Nd5 31.Rxe4 Nc3 32.Rc4 Ne2+ 33.Kg2 b5 34.Rb4 hxg4 35.hxg4 Nc3
36.Bd2 Nd1 37.Be1  1-0

[Event "ch-AUT"]
[Site "Gmunden AUT"]
[Date "2005.08.16"]
[Round "6"]
[White "Pilaj,H"]
[Black "Freitag,M"]
[Result "0-1"]
[WhiteElo "2425"]
[BlackElo "2402"]

1.d4 Nf6 2.Nf3 g6 3.c4 Bg7 4.Nc3 O-O 5.e4 d6 6.Be2 e5 7.Be3 Na6 8.O-O Ng4
9.Bg5 Qe8 10.c5 exd4 11.Nd5 Qxe4 12.Bc4 Ne5 13.Nxe5 Qxe5 14.f4 Qe8 15.f5 Bxf5
16.Qd2 Nxc5 17.Rae1 Ne4 18.Qf4 Qe5 19.Qh4 d3 20.Ne7+ Kh8 21.Bd5 Qd4+ 22.Be3 Qf6
23.Nxf5 gxf5 24.Qh3 Rae8 25.Rxf5 Qg6 26.Qf3 Nf6 27.Bxb7 Ng4 28.Bd2 d5 29.Rxe8 Rxe8
30.h3 Qb6+ 31.Kh1 Ne5 32.Qxd5 c6 33.Qb3 Qxb3 34.axb3 Rb8 35.Ba6 Rb6 36.Bc8 Rxb3
37.Bc3 Nc4 38.Bxg7+ Kxg7 39.Rf1 Ne3  0-1

[Event "14th Open"]
[Site "Kavala GRE"]
[Date "2005.08.16"]
[Round "6"]
[White "Kiss,Pa"]
[Black "Kotronias,V"]
[Result "0-1"]
[WhiteElo "2386"]
[BlackElo "2587"]

1.d4 Nf6 2.c4 g6 3.Nc3 Bg7 4.e4 d6 5.Be2 O-O 6.Nf3 e5 7.d5 a5 8.Bg5 h6 9.Bh4 Na6
10.Nd2 Qe8 11.a3 Bd7 12.b3 Nh7 13.O-O h5 14.f3 Bh6 15.Bf2 Qe7 16.Kh1 h4 17.Rg1 Bg5
18.Qe1 Kg7 19.Rb1 Nc5 20.b4 axb4 21.axb4 Na4 22.Nb3 Nxc3 23.Qxc3 Nf6 24.Ra1 Nh5
25.Rxa8 Rxa8 26.Ra1 Rh8 27.Kg1 Bf4 28.Be3 Qg5 29.Kf2 f5 30.exf5 gxf5 31.Bf1 Bxe3+
32.Qxe3 f4 33.Qd2 h3 34.Ke1 Ng3 35.Bd3 Ne4 36.Bxe4 hxg2  0-1

[Event "14th Open"]
[Site "Kavala GRE"]
[Date "2005.08.16"]
[Round "6"]
[White "Dimitrov,A"]
[Black "Antic,De"]
[Result "0-1"]
[WhiteElo "2298"]
[BlackElo "2512"]

1.d4 Nf6 2.Nf3 g6 3.c4 Bg7 4.Nc3 d6 5.e4 O-O 6.Be2 Na6 7.O-O e5 8.Be3 Ng4
9.Bg5 Qe8 10.c5 dxc5 11.Bxa6 bxa6 12.Nd5 f6 13.Bd2 Rb8 14.dxe5 fxe5 15.Qc2 c6
16.Nc3 h6 17.Ne2 Nf6 18.Ng3 Bg4 19.Ne1 h5 20.f3 Be6 21.Nd3 Nd7 22.b3 c4 23.bxc4 Nb6
24.Nb2 Qe7 25.Be3 Rf7 26.c5 Nd7 27.Nc4 h4 28.Ne2 h3 29.g3 Qf8 30.Nd2 Bh6
31.f4 Nf6 32.Kh1 Ng4 33.Bg1 Rd8 34.Nc4 exf4 35.Nd6  0-1

[Event "15th ch-SLO"]
[Site "Ptuj SLO"]
[Date "2005.08.16"]
[Round "6"]
[White "Jelen,Ig"]
[Black "Tratar,M"]
[Result "1/2-1/2"]
[WhiteElo "2334"]
[BlackElo "2419"]

1.d4 d6 2.Nf3 Nf6 3.c4 g6 4.Nc3 Bg7 5.e4 O-O 6.Be2 Na6 7.O-O e5 8.Be3 c6
9.dxe5 dxe5 10.Qxd8 Rxd8 11.Rfd1 Re8 12.h3 Bf8 13.Nd2 Nc5 14.b4 Ne6 15.c5 Nd4
16.Bd3 b6 17.b5 bxc5  1/2-1/2

[Event "ch-AUT Qualifier"]
[Site "Gmunden AUT"]
[Date "2005.08.18"]
[Round "6"]
[White "Titz,Hei"]
[Black "Karner,C"]
[Result "1-0"]
[WhiteElo "2184"]
[BlackElo "2349"]

1.c4 Nf6 2.Nc3 g6 3.e4 d6 4.d4 Bg7 5.Nf3 O-O 6.Be2 Na6 7.O-O e5 8.Be3 Qe8
9.dxe5 dxe5 10.Nd2 Nd7 11.a3 f5 12.f3 f4 13.Bf2 Nac5 14.b4 Ne6 15.Nb3 g5
16.c5 Rf6 17.Bc4 Kh8 18.Ra2 Ndf8 19.Rd2 Rh6 20.Qe2 a5 21.Rfd1 a4 22.Na5 Nd4
23.Bxd4 exd4 24.Nb5 d3 25.Rxd3 Qe7 26.Nd4 Rxa5 27.bxa5 Qxc5 28.Ba2 Be6 29.Kh1 g4
30.fxg4 Bxa2 31.Qxa2 Rd6 32.Qd2 Be5 33.Nf3 Rxd3 34.Qxd3 Qxa5 35.Qd8 Bg7 36.e5 Qb6
37.Re1 Qe6 38.Qxc7 Qxg4 39.Qxb7 h5 40.Qc6 Ne6 41.Qxa4 h4 42.h3 Qg6 43.Qc6 Bf8
44.a4  1-0

[Event "15th ch-SLO"]
[Site "Ptuj SLO"]
[Date "2005.08.19"]
[Round "9"]
[White "Tratar,M"]
[Black "Lenic,L"]
[Result "1/2-1/2"]
[WhiteElo "2419"]
[BlackElo "2463"]

1.Nf3 g6 2.d4 Nf6 3.c4 Bg7 4.Nc3 O-O 5.e4 d6 6.Be2 e5 7.dxe5 dxe5 8.Qxd8 Rxd8
9.Bg5 c6 10.Nxe5 Re8 11.O-O-O Nxe4  1/2-1/2

[Event "Independence Cup A"]
[Site "Kiev UKR"]
[Date "2005.08.20"]
[Round "9"]
[White "Shishkin,Va UKR"]
[Black "Onischuk,V"]
[Result "1/2-1/2"]
[WhiteElo "2507"]
[BlackElo "2349"]

1.d4 Nf6 2.c4 g6 3.Nc3 Bg7 4.e4 d6 5.Be2 O-O 6.Nf3 e5 7.Be3 Ng4 8.Bg5 f6
9.Bh4 Nd7 10.O-O Nh6 11.dxe5 dxe5 12.Qc2 c6 13.b4 Nf7 14.Rfd1 Qe7 15.c5 Re8
16.Nd2 Nf8 17.Nb3 Be6 18.f3 h5 19.Na4 g5 20.Bf2 g4 21.fxg4 hxg4 22.Nb2 Ng6
23.Nc4 Nf4 24.Ne3 Nxe2+ 25.Qxe2 Nh6 26.Na5 f5 27.exf5 Nxf5 28.Nxf5 Bxf5 29.Nc4 Rf8
30.Bg3 Qg5 31.Nxe5 Rae8 32.Re1 Kh7 33.Rad1 Rd8 34.Rd6 Rde8 35.Qd2 Qxd2 36.Rxd2 Re7
37.Rf2 Bxe5 38.Rxe5 Rxe5 39.Bxe5 Kg6 40.h3 Re8 41.hxg4 Bxg4 42.Bd6 Re4 43.a3 Re3
44.Rf8 Rxa3 45.Rb8 Be6 46.Rxb7 Bd5 47.g3 Rb3 48.Rxa7 Rxb4 49.Kf2 Rb3 50.Ra4 Rf3+
51.Ke2 Rb3 52.Rd4 Rb2+ 53.Ke3 Rb3+ 54.Kf4 Rf3+ 55.Kg4 Rf5 56.Bf4 Rh5 57.Bd6 Rf5
58.Kh3 Rh5+ 59.Rh4 Rxh4+ 60.Kxh4  1/2-1/2

[Event "Masters"]
[Site "Abu Dhabi UAE"]
[Date "2005.08.21"]
[Round "7"]
[White "Volkov,Sergei"]
[Black "Annaberdiev,M"]
[Result "1/2-1/2"]
[WhiteElo "2174"]
[BlackElo "2409"]

1.d4 Nf6 2.c4 g6 3.Nc3 Bg7 4.e4 d6 5.Be2 O-O 6.Nf3 e5 7.Be3 Na6 8.O-O Ng4
9.Bg5 Qe8 10.dxe5 dxe5 11.h3 f6 12.Bd2 Nh6 13.c5 Nxc5 14.Qc1 Nf7 15.Nd5 Ne6
16.Nxc7 Nxc7 17.Qxc7 Nd8 18.Qc3 Be6 19.b4 Rf7 20.a4 Re7 21.b5 Nf7 22.Be3 Rd7
23.Rfd1 Nd6 24.Qb4 Bf8 25.Bc5 Qd8 26.a5 Rc8 27.Bxa7 Nc4 28.Rxd7 Qxd7 29.Qb1 Ra8
30.b6 Qc6 31.Bd3 Rc8 32.a6 Bc5 33.axb7 Qxb7 34.Qb3 Kg7 35.Nd2 Bd4 36.Bxc4 Rxc4
37.Nxc4 Bxa1 38.Nd6 Bxb3 39.Nxb7 Bd4 40.Nd8 Bc4 41.Nc6 Ba6 42.Nxd4 exd4 43.Bb8 Kf7
44.f3 Ke6 45.Kf2 f5 46.exf5+ Kxf5 47.Bh2 Ke6 48.Bg1 Ke5 49.Kg3 Kd5 50.Kf4 Kc5
51.g4 Bb7 52.Bxd4+ Kxd4 53.Kg5 Bxf3 54.Kh6 Ke5 55.Kxh7 g5 56.Kg6 Kf4 57.Kh5 Be4
58.Kh6 Bd5 59.Kg6 Bf3 60.Kh5 Be4 61.h4 gxh4 62.Kxh4 Ke5  1/2-1/2

[Event "ch-AUT Qualifier"]
[Site "Gmunden AUT"]
[Date "2005.08.21"]
[Round "9"]
[White "Karner,C"]
[Black "Woeber,F"]
[Result "1-0"]
[WhiteElo "2349"]
[BlackElo "2186"]

1.d4 Nf6 2.Nf3 g6 3.c4 Bg7 4.Nc3 O-O 5.e4 d6 6.Be2 e5 7.O-O exd4 8.Nxd4 Re8
9.f3 Nc6 10.Be3 Nh5 11.Qd2 f5 12.f4 Nf6 13.exf5 gxf5 14.Bf3 Rxe3 15.Qxe3 Ng4
16.Nxc6 bxc6 17.Bxg4 fxg4 18.f5 Bd7 19.Qf4 Qf6 20.Ne4 Qe5 21.Qxg4 Rf8 22.Ng3 Qd4+
23.Qxd4 Bxd4+ 24.Kh1 Bxb2 25.Rae1 d5 26.Rd1 d4 27.Rd3 Bc3 28.Ne2 Rxf5 29.Rxf5 Bxf5
30.Rg3+ Kf7 31.Nxc3 dxc3 32.Rxc3 Ke6 33.Kg1 Ke5 34.Kf2 Kd4 35.Ra3 Kxc4 36.Rxa7 c5
37.Rxc7  1-0

[Event "2nd Dato' Arthur Tan Malaysian Open"]
[Site "Kuala Lumpur MAS"]
[Date "2005.08.21"]
[Round "4"]
[White "Chan Tze Wei"]
[Black "Chong Chor Yuen"]
[Result "0-1"]
[WhiteElo "2039"]
[BlackElo "2127"]

1.d4 Nf6 2.Nf3 g6 3.c4 Bg7 4.Nc3 O-O 5.e4 d6 6.Be2 e5 7.Be3 Nc6 8.d5 Ne7
9.Nd2 Ne8 10.g4 f5 11.gxf5 gxf5 12.Bg5 Nf6 13.Rg1 Kh8 14.Qc2 a6 15.a4 Qe8
16.O-O-O fxe4 17.Ndxe4 Nxe4 18.Nxe4 Nf5 19.Be3 Bd7 20.Nc3 Nd4 21.Bxd4 exd4
22.Rxg7 Kxg7 23.Rxd4 Rxf2 24.Rh4 Qe3+ 25.Qd2 Qxd2+ 26.Kxd2 Raf8 27.Ke3 Rg2
28.b4 Bf5 29.c5 Bg6 30.c6 bxc6 31.dxc6 Ra8 32.Nd5 Re8+ 33.Kd4 Rgxe2 34.Nxc7 Rd2+
35.Kc4 Rc8 36.Nxa6 Rc2+ 37.Kb5 Bd3+ 38.Ka5 Bxa6 39.Kxa6 R8xc6+ 40.Kb5 d5
41.a5 Rd6 42.Rg4+ Kf6 43.h4 d4 44.Ka4 d3  0-1

[Event "2nd Dato' Arthur Tan Malaysian Open"]
[Site "Kuala Lumpur MAS"]
[Date "2005.08.23"]
[Round "7"]
[White "Rogers,I"]
[Black "Mariano,N1"]
[Result "1-0"]
[WhiteElo "2569"]
[BlackElo "2466"]

1.d4 Nf6 2.c4 g6 3.Nc3 Bg7 4.e4 d6 5.Nf3 O-O 6.Be2 e5 7.d5 a5 8.Bg5 h6 9.Bh4 Qe8
10.Nd2 Na6 11.a3 Bd7 12.b3 Nh7 13.Rb1 f5 14.f3 g5 15.Bf2 f4 16.b4 axb4 17.axb4 Qe7
18.Qb3 Kh8 19.Qb2 h5 20.h3 Nf6 21.Ra1 Kg8 22.Ra5 g4 23.hxg4 hxg4 24.c5 g3
25.Bg1 Rfb8 26.Qa3 dxc5 27.bxc5 Kf7 28.Nc4 Rh8 29.Rxh8 Rxh8 30.c6 Rh1 31.Qxe7+ Kxe7
32.Kf1 Bc8 33.cxb7 Bxb7 34.Na3 Rh8 35.Bb5 Nd7 36.Nc4 Nac5 37.Ra7 Rh1 38.Na5 Bf8
39.Nxb7 Nxb7 40.Rxb7 Kd8 41.Bxd7 Kxd7 42.Na4 Bd6 43.Rb1 Kc8 44.Ke2 Kd7 45.Kd3 Kc8
46.Nc3 Kd7 47.Kc4 Kc8 48.Bc5 Rh2 49.Rb2  1-0

[Event "Rudenko mem"]
[Site "St Petersburg RUS"]
[Date "2005.08.23"]
[Round "4"]
[White "Bystryakova,E"]
[Black "Sorokina,A RUS"]
[Result "1/2-1/2"]
[WhiteElo "2171"]
[BlackElo "2084"]

1.d4 Nf6 2.Nf3 g6 3.c4 Bg7 4.Nc3 d6 5.e4 O-O 6.Be2 e5 7.Be3 Nbd7 8.O-O h6
9.dxe5 dxe5 10.Nd2 Nh7 11.c5 f5 12.f3 f4 13.Bf2 Kh8 14.Nc4 g5 15.b4 c6 16.Qb3 Ndf6
17.Nd6 Qe7 18.Bc4 g4 19.Nf7+ Rxf7 20.Bxf7 Ng5 21.Bc4 gxf3 22.Rfe1 fxg2 23.Kxg2 Bh3+
24.Kh1 Ng4 25.Bh4 Nf3 26.Ne2 Nxh4 27.Ng3 Bg2+ 28.Kg1 Nf3+ 29.Kxg2 Nxe1+ 30.Rxe1 fxg3
31.Qxg3 Nf6 32.Qg6 Qd7 33.Kh1 Qg4 34.Qf7 Qf3+ 35.Kg1 Rf8 36.Qg6 Qg4+ 37.Qxg4 Nxg4
38.a4 Nf6 39.Be6 Rd8 40.b5 Bf8 41.bxc6 Bxc5+ 42.Kg2 bxc6 43.Rc1 Rd2+ 44.Kh3 Nxe4
45.Bf5 Ng5+ 46.Kg4 Rg2+ 47.Kh5 Nf7 48.h4 Nd6 49.Bh3 Rg3 50.Rxc5 Rxh3 51.Rxc6 Rd3
52.Kg6 Rg3+ 53.Kf6 Rf3+ 54.Kxe5 Nf7+ 55.Ke4 Rh3 56.Kf5 Rxh4 57.Ra6 Rb4  1/2-1/2

[Event "2nd Dato' Arthur Tan Malaysian Open"]
[Site "Kuala Lumpur MAS"]
[Date "2005.08.24"]
[Round "9"]
[White "Sales,J"]
[Black "Son,As"]
[Result "0-1"]
[WhiteElo "2340"]
[BlackElo "2105"]

1.Nf3 Nf6 2.c4 g6 3.Nc3 Bg7 4.e4 d6 5.d4 O-O 6.Be2 e5 7.O-O exd4 8.Nxd4 Re8
9.f3 Nc6 10.Be3 Nh5 11.Nxc6 bxc6 12.Qd2 f5 13.Rad1 Qe7 14.Rfe1 f4 15.Bf2 Qg5
16.g4 Re5 17.Kh1 Nf6 18.Rg1 Qh6 19.c5 Ne8 20.Bd4 Re7 21.Nd5 cxd5 22.g5 Qh3
23.Bf6 Nxf6 24.gxf6 Bxf6 25.Qxd5+ Kg7 26.Qxa8 Ba6 27.Bf1 Qxf3+ 28.Bg2 Qf2
29.cxd6 cxd6 30.e5 Bxe5 31.Qf3 Qxb2 32.Rb1 Qxa2  0-1

[Event "41st Rubinstein Mem Open A"]
[Site "Polanica Zdroj POL"]
[Date "2005.08.25"]
[Round "7"]
[White "Jakubiec,A"]
[Black "Marszalek,Mac"]
[Result "1-0"]
[WhiteElo "2538"]
[BlackElo "2386"]

1.Nf3 g6 2.d4 Nf6 3.c4 Bg7 4.Nc3 d6 5.e4 O-O 6.Be2 Nbd7 7.O-O e5 8.Re1 c6
9.Bf1 exd4 10.Nxd4 a5 11.Rb1 Nc5 12.f3 Nh5 13.Be3 f5 14.Nb3 Nxb3 15.Qxb3 Be5
16.Bf2 fxe4 17.Nxe4 a4 18.Qb4 Qc7 19.Rbd1 d5 20.cxd5 Bxh2+ 21.Kh1 cxd5 22.Rxd5 Bf4
23.Rxh5 gxh5 24.Bc4+ Kg7 25.Bd4+ Be5 26.Nf2 Ra5 27.Rxe5 Rxe5 28.Nd3 Qd8 29.Bxe5+ Kg6
30.Nf4+ Kh6 31.Qc3 Qg5 32.Qd4 Qh4+ 33.Kg1 Qe1+ 34.Bf1 Rf7 35.Nd3  1-0

[Event "41st Rubinstein Mem Open A"]
[Site "Polanica Zdroj POL"]
[Date "2005.08.26"]
[Round "8"]
[White "Szymanski,A2"]
[Black "Zawadzka,J"]
[Result "1/2-1/2"]
[WhiteElo "2257"]
[BlackElo "2402"]

1.d4 Nf6 2.c4 g6 3.Nc3 Bg7 4.e4 d6 5.Nf3 O-O 6.Be2 e5 7.d5 a5 8.Bg5 Na6 9.Nd2 c6
10.O-O Bd7 11.a3 h6 12.Be3 cxd5 13.cxd5 Ne8 14.Bb5 f5 15.f3 Bxb5 16.Nxb5 Qd7
17.a4 fxe4 18.Nxe4 Nb4 19.Qd2 Kh7 20.Rac1 Qf7 21.Rfd1 Ra6 22.Rc8 Qd7 23.Qc1 Rc6
24.Rxc6 bxc6 25.dxc6 Nxc6 26.Qd2 Qe7 27.Qd5 Nb4 28.Qb3 d5 29.Bc5 Qh4 30.Bxb4 axb4
31.Qxd5 Nf6 32.Nxf6+ Qxf6 33.b3 Qb6+ 34.Kh1 Rf4 35.Nd6 Rd4 36.Rxd4 exd4 37.Nc4 Qf6
38.g3 Qe7 39.Qe4 Qd8 40.Qd3 Qe7 41.Kg2 Qe1 42.Nd2 Qa1 43.Ne4 Qa2+ 44.Kh3 Qa1
45.f4 Qa2 46.f5 gxf5 47.Nd6 Qa1 48.Qxf5+ Kh8 49.Ne8 Qc3 50.Qg6 d3 51.Nd6 d2
52.Nf7+ Kg8 53.Nxh6+ Kh8 54.Nf7+  1/2-1/2

[Event "4th Open"]
[Site "Lahijan IRI"]
[Date "2005.08.29"]
[Round "5"]
[White "Agaragimov,D"]
[Black "Petrosian,DG"]
[Result "1/2-1/2"]
[WhiteElo "2187"]
[BlackElo "2363"]

1.d4 Nf6 2.c4 g6 3.Nc3 Bg7 4.e4 d6 5.Nf3 O-O 6.Be2 e5 7.Be3 Nc6 8.d5 Ne7
9.Nd2 Ne8 10.Qc2 f5 11.f3 c5 12.g4 a6 13.a3 Rb8 14.Rg1 Bd7 15.b4 b6 16.b5 a5
17.O-O-O f4  1/2-1/2

[Event "BDO Challengers"]
[Site "Haarlem NED"]
[Date "2005.08.30"]
[Round "4"]
[White "Gijswijt,B"]
[Black "Duchene,R"]
[Result "0-1"]
[WhiteElo "2234"]
[BlackElo "2219"]

1.d4 Nf6 2.Nf3 g6 3.c4 Bg7 4.Nc3 O-O 5.e4 d6 6.Be2 e5 7.O-O Na6 8.Bg5 h6
9.Bh4 g5 10.Bg3 Nh5 11.d5 Nf4 12.Nd2 Nc5 13.Nb3 Nxe4 14.Nxe4 Nxe2+ 15.Qxe2 f5
16.f3 fxe4 17.fxe4 b6 18.Qh5 Qe8 19.Rxf8+ Kxf8 20.Rf1+ Ke7 21.Qe2 Bd7 22.Bf2 Qg6
23.Nd2 Rf8 24.b4 g4 25.c5 Bf6 26.cxd6+ cxd6 27.Be3 Rc8 28.Qd3 Bg5 29.Nc4 Bb5
30.Nxe5 Bxe3+ 31.Qxe3 dxe5 32.Rf5 Rf8 33.d6+ Qxd6 34.h3 Rxf5 35.exf5 Qd4
36.Qxd4 exd4  0-1

[Event "4th Open"]
[Site "Lahijan IRI"]
[Date "2005.08.30"]
[Round "7"]
[White "Agaragimov,D"]
[Black "Darban,M"]
[Result "1/2-1/2"]
[WhiteElo "2187"]
[BlackElo "2397"]

1.d4 Nf6 2.Nf3 d6 3.c4 g6 4.Nc3 Bg7 5.e4 O-O 6.Be2 e5 7.Be3 Na6 8.dxe5 dxe5
9.h3 c6 10.Qxd8 Rxd8 11.O-O Re8 12.a3 Nc7 13.Rfd1 Nh5 14.c5 Nf4 15.Bc4 Be6
16.Nd2 Red8 17.Bxe6 Ncxe6 18.Nc4 Nd4 19.b4 Nfe6 20.Ra2 Rab8 21.Kf1 Rd7 22.Rad2 Kf8
23.Ne2 Rbd8 24.f4 exf4 25.Nxf4 Ke7 26.Nxe6 Kxe6 27.Bg5 f6 28.Bf4 Nb5 29.Rxd7 Rxd7
30.Rxd7 Kxd7 31.Ke2 Bf8 32.g4 Be7 33.Kd3 Bd8 34.a4 Nc7 35.Bxc7 Bxc7 36.b5 cxb5
37.axb5 Bg3 38.Na5 Kc7 39.Kc4 Bf2 40.Nb3 a6 41.bxa6 bxa6 42.Kd5 Be1 43.Nd4 a5
44.Ne6+ Kc8 45.Nf8 a4 46.Kc4 a3 47.Kb3 Bb4 48.Nxh7 Bxc5 49.Nxf6 Kd8 50.Nd5 Kd7
51.Nf4 g5 52.Nd3 Bd6 53.Ne1 Ke6 54.Nf3 Be7 55.Nxg5+  1/2-1/2

[Event "3rd Staunton Memorial"]
[Site "London ENG"]
[Date "2005.08.30"]
[Round "10"]
[White "Levitt,J"]
[Black "McNab,C"]
[Result "1-0"]
[WhiteElo "2441"]
[BlackElo "2451"]

1.d4 d6 2.Nf3 g6 3.c4 Bg7 4.Nc3 Nd7 5.e4 e5 6.Be2 Ngf6 7.O-O O-O 8.Re1 c6
9.Bf1 a5 10.dxe5 dxe5 11.Na4 Qe7 12.Qc2 b6 13.Be3 Rb8 14.Rac1 Ba6 15.h3 Rfc8
16.Nd2 Bf8 17.Red1 Qe6 18.Nb3 Qe7 19.a3 h5 20.c5 Bxf1 21.Kxf1 b5 22.Nb6 Nxb6
23.cxb6 a4 24.Nc5 Rxb6 25.Nxa4 Rb7 26.Nc5 Rbc7 27.Rd3 Qe8 28.Na6 Rd7 29.Rc3 Qd8
30.Kg1 Qa5 31.Nc5 Bxc5 32.Rxc5 Qc7 33.f3 Rd6 34.Rxb5 Nd7 35.Rb3 Qa5 36.Rc3 Qb5
37.b3 Kg7 38.a4 Qa5 39.Rc4 Rb8 40.Qc3 Qa6 41.Bf2 g5 42.h4 gxh4 43.Kh2 Rc8
44.Bxh4 f6 45.Bf2 Nb8 46.Qb4 Rcd8 47.Bc5 Rd3 48.Be7 Rg8 49.Bd6 c5 50.Bxc5 Qe6
51.R4c3 Rd7 52.Qc4 Qe8 53.Be3 Kh8 54.Qe2 Rdg7 55.R3c2 Qg6 56.Rc8 Qxg2+ 57.Qxg2 Rxg2+
58.Kh1  1-0

[Event "13th Open"]
[Site "Nikaia GRE"]
[Date "2005.08.30"]
[Round "9"]
[White "Goritsas,C"]
[Black "Dochev,D"]
[Result "1/2-1/2"]
[WhiteElo "2260"]
[BlackElo "2370"]

1.d4 Nf6 2.c4 g6 3.Nc3 Bg7 4.e4 d6 5.Nf3 O-O 6.Be2 e5 7.d5 a5 8.O-O Na6 9.Nd2 Nc5
10.Rb1 Bd7 11.b3 Bh6 12.Qc2 c6 13.a3 cxd5 14.cxd5 Rc8 15.Nc4 Bxc1 16.Rbxc1 Ne8
17.b4 axb4 18.axb4 b5 19.Na5 Na4 20.Nc6 Bxc6 21.dxc6 Nxc3 22.Qxc3 Qb6 23.Rfd1 Nf6
24.Qf3 Ne8 25.Rd5 Rxc6 26.Rxc6 Qxc6 27.Bxb5 Qb6 28.Bxe8 Rxe8 29.b5 Ra8 30.g3 Kg7
31.Qe2 Ra1+ 32.Kg2 Rb1 33.Qd2  1/2-1/2

[Event "Premiership International"]
[Site "Coulsdon ENG"]
[Date "2005.09.02"]
[Round "9"]
[White "Deutsch,E"]
[Black "Buckley,G"]
[Result "0-1"]
[WhiteElo "2374"]
[BlackElo "2391"]

1.Nf3 Nf6 2.c4 g6 3.d4 Bg7 4.Nc3 d6 5.e4 O-O 6.Be2 e5 7.O-O Nbd7 8.Bg5 h6
9.Bh4 c6 10.d5 c5 11.Nd2 h5 12.Bg5 a6 13.a3 Qe8 14.b4 Nh7 15.Be3 b6 16.Rb1 Qe7
17.Nb3 Qd8 18.Qd2 h4 19.bxc5 bxc5 20.Na4 f5 21.exf5 gxf5 22.f4 Nhf6 23.Bf3 h3
24.g3 Rb8 25.Na5 Rxb1 26.Rxb1 Ne4 27.Bxe4 fxe4 28.Nc6 Qe8 29.Rf1 Nb8 30.Nb6 Bg4
31.fxe5 Rxf1+ 32.Kxf1 Bxe5 33.Bf2 Nxc6 34.Qg5+ Bg7 35.dxc6 Qxc6 36.Nd5 Qa4
37.Nf6+ Kf7 38.Nxg4 Qd1+ 39.Be1 Qd3+ 40.Kg1 Bd4+ 41.Nf2 Bxf2+  0-1